Capital to flag map - Africa - Statistics

General Stats
  • This quiz has been taken 10 times
    6 since last reset
  • The average score is 42 of 56
Answer Stats
Picture Answer % Correct
Abuja
100%
Accra
100%
Addis Ababa
100%
Algiers
100%
Antananarivo
100%
Bamako
80%
Bissau
80%
Brazzaville
80%
Cairo
80%
Djibouti City
80%
Dodoma
80%
Gaborone
80%
Harare
80%
Kampala
80%
Khartoum
80%
Kinshasa
80%
Libreville
80%
Lilongwe
80%
Lomé
80%
Luanda
80%
Maputo
80%
Maseru
80%
Mbabane/Lobamba
80%
Mogadishu
80%
Monrovia
80%
Moroni
80%
Nairobi
80%
N'Djamena
80%
Niamey
80%
Ouagadougou
80%
Porto-Novo
80%
Praia
80%
Pretoria/Cape Town/Bloemfontein
80%
Rabat
80%
São Tomé
80%
Tripoli
80%
Tunis
80%
Victoria
80%
Windhoek
80%
Yamoussoukro
80%
Asmara
60%
Bangui
60%
Banjul
60%
Conakry
60%
Dakar
60%
Freetown
60%
Gitega
60%
Hargeisa
60%
Juba
60%
Kigali
60%
Lusaka
60%
Malabo
60%
Nouakchott
60%
Port Louis
60%
Yaoundé
60%
Laayoune
40%
No matching quizzes found
Score Distribution
Percent of People with Each Score
Percentile by Number Answered
Your Score History
You have not taken this quiz since the last reset